U.S. Senators - 118th Congress - Statistics

General Stats
  • This quiz has been taken 1,680 times
    965 since last reset
  • The average score is 56 of 100
Answer Stats
State Party Senator % Correct
Vermont Independent Bernie Sanders
87%
Texas Republican Ted Cruz
84%
New York Democrat Chuck Schumer
82%
Florida Republican Rick Scott
81%
South Carolina Republican Tim Scott
81%
Florida Republican Marco Rubio
78%
Kentucky Republican Mitch McConnell
78%
Georgia Democrat Raphael Warnock
77%
Wisconsin Republican Ron Johnson
76%
Massachusetts Democrat Elizabeth Warren
75%
Pennsylvania Democrat John Fetterman
74%
Arizona Independent Kyrsten Sinema
74%
Mississippi Republican Cindy Hyde-Smith
73%
New Jersey Democrat Corey Booker
73%
Georgia Democrat Jon Ossoff
73%
Utah Republican Mitt Romney
73%
Maine Republican Susan Collins
73%
West Virginia Independent Joe Manchin
72%
Maine Independent Angus King
71%
Louisiana Republican John Kennedy
71%
Ohio Democrat Sherrod Brown
71%
South Carolina Republican Lindsey Graham
70%
Alaska Republican Lisa Murkowski
70%
Minnesota Democrat Tina Smith
70%
Ohio Republican J.D. Vance
69%
New York Democrat Kirsten Gillibrand
69%
Kentucky Republican Rand Paul
69%
Illinois Democrat Tammy Duckworth
69%
Arizona Democrat Mark Kelly
68%
Minnesota Democrat Amy Klobuchar
67%
Wisconsin Democrat Tammy Baldwin
67%
Virginia Democrat Tim Kaine
66%
Tennessee Republican Marsha Blackburn
64%
Texas Republican John Cornyn
63%
Montana Democrat Jon Tester
63%
Iowa Republican Chuck Grassley
62%
Illinois Democrat Dick Durbin
62%
Colorado Democrat John Hickenlooper
62%
Missouri Republican Josh Hawley
62%
Arkansas Republican Tom Cotton
62%
Alabama Republican Tommy Tuberville
62%
California Democrat Alex Padilla
60%
Utah Republican Mike Lee
60%
Iowa Republican Joni Ernst
59%
Colorado Democrat Michael Bennet
57%
Rhode Island Democrat Sheldon Whitehouse
56%
Pennsylvania Democrat Bob Casey Jr.
55%
Nevada Democrat Catherine Cortez Masto
55%
Hawaii Democrat Mazie Hirono
55%
New Jersey Democrat Andy Kim
54%
Delaware Democrat Chris Coons
54%
Michigan Democrat Gary Peters
53%
North Carolina Republican Thom Tillis
53%
Nevada Democrat Jacky Rosen
52%
South Dakota Republican John Thune
52%
Alabama Republican Katie Britt
52%
Washington Democrat Patty Murray
52%
Connecticut Democrat Richard Blumenthal
52%
Connecticut Democrat Chris Murphy
51%
Michigan Democrat Debbie Stabenow
51%
Massachusetts Democrat Ed Markey
51%
New Hampshire Democrat Maggie Hassan
51%
Hawaii Democrat Brian Schatz
49%
Alaska Republican Dan Sullivan
49%
California Democrat Adam Schiff
48%
Virginia Democrat Mark Warner
48%
West Virginia Republican Shelley Moore Capito
48%
Wyoming Republican John Barrasso
47%
New Mexico Democrat Ben Ray Luján
46%
Idaho Republican Mike Crapo
46%
Indiana Republican Todd Young
45%
Nebraska Republican Deb Fischer
44%
New Hampshire Democrat Jeanne Shaheen
44%
Oregon Democrat Ron Wyden
44%
Oklahoma Republican Markwayne Mullin
43%
Indiana Republican Mike Braun
43%
Montana Republican Steve Daines
43%
Louisiana Republican Bill Cassidy
42%
Wyoming Republican Cynthia Lummis
42%
Oklahoma Republican James Lankford
42%
Arkansas Republican John Boozman
42%
Washington Democrat Maria Cantwell
42%
New Mexico Democrat Martin Heinrich
42%
Maryland Democrat Ben Cardin
41%
Oregon Democrat Jeff Merkley
41%
Maryland Democrat Chris Van Hollen
40%
North Carolina Republican Ted Budd
40%
Vermont Democrat Peter Welch
39%
Delaware Democrat Tom Carper
39%
Idaho Republican Jim Risch
37%
Mississippi Republican Roger Wicker
37%
Tennessee Republican Bill Hagerty
35%
Rhode Island Democrat Jack Reed
35%
North Dakota Republican Kevin Cramer
33%
Nebraska Republican Pete Ricketts
33%
South Dakota Republican Mike Rounds
32%
Kansas Republican Roger Marshall
32%
Missouri Republican Eric Schmitt
31%
Kansas Republican Jerry Moran
31%
North Dakota Republican John Hoeven
30%
No matching quizzes found
Score Distribution
Percent of People with Each Score
Percentile by Number Answered
Your Score History
You have not taken this quiz since the last reset